| 000 | 00644nam a22001577a 4500 | ||
|---|---|---|---|
| 003 | macl | ||
| 005 | 20241018162154.0 | ||
| 008 | 241018b |||||||| |||| 00| 0 eng d | ||
| 040 | _cmacl | ||
| 082 | _a330 | ||
| 100 |
_aराजन,डॉ राजेश,रवि शंकर _982534 |
||
| 245 | _aPrelims Possible IAS एवं राज्य PCS250+ सॉल्वड भारतीय अर्थव्यवस्था 2024 चैप्टरवाइस टॉपिकवाइज 2023-1990 | ||
| 260 |
_aDehli _bArihant Pub. _c2024 |
||
| 650 | _aअर्थव्यवस्था | ||
| 942 |
_2ddc _cC. BOOKS |
||
| 999 |
_c67073 _d67073 |
||